[Event "Tourn. n9716"]
[Site "www.chess-mail.com"]
[Date "2018.04.24"]
[Round "1"]
[White "Hundegana"]
[Black "Tarasch"]
[WhiteElo "2010"]
[BlackElo "1990"]
[Result "1/2-1/2"]
[Round "1"]
1.e4 e5
2.Ng1f3 Nb8c6
3.Nb1c3 Ng8f6
4.a3 d5
5.exd5 Nf6xd5
6.Nc3xd5 Qd8xd5
7.b3 Bf8d6
8.Bf1c4 Qd5e4
9.Bc4e2 O-O
10.d3 Qe4g6
11.Nf3h4 Qg6f6
12.Nh4f3 h6
13.Bc1b2 Rf8e8
14.O-O Nc6d4
15.Nf3xd4 exd4
16.Be2f3 c6
17.Rf1e1 Bc8d7
18.Re1xe8 Ra8xe8
19.Qd1d2 Qf6h4
20.g3 Qh4f6
21.Bf3g2 b6
22.Ra1e1 Re8xe1
23.Qd2xe1 Qf6e5
24.Qe1xe5 Bd6xe5
25.f4 Be5f6
26.Kf2 c5
27.b4 Bd7a4
28.bxc5 bxc5
29.Ke2 Ba4xc2
30.Bg2e4 c4
31.h4 c3
32.Bb2c1 Bc2b3
33.Kf3 Bb3d1
34.Kf2 Kf8
35.Be4f3 Bd1b3
36.Bf3e4 Ke7
37.Be4c6 Kd6
38.Bc6e4 Bb3d1
39.Ke1 Bd1b3
40.Ke2 Bb3d5
41.Be4f5 Bd5e6
42.Bf5e4 Be6d5
43.Be4f5 Bd5e6
{ draw }
1/2-1/2

[Event "Tourn. n9754"]
[Site "www.chess-mail.com"]
[Date "2018.04.24"]
[Round "1"]
[White "Esperanza"]
[Black "Coolant"]
[WhiteElo "2040"]
[BlackElo "2280"]
[Result "0-1"]
[Round "1"]
1.d4 Ng8f6
2.c4 g6
3.Nb1c3 d5
4.cxd5 Nf6xd5
5.e4 Nd5xc3
6.bxc3 c5
7.Bc1g5 Bf8g7
8.Ra1c1 O-O
9.Ng1f3 Bc8g4
10.d5 Qd8a5
11.Qd1d2 Rf8e8
12.Bf1e2 Nb8d7
 { time }
0-1

[Event "Tourn. n9775"]
[Site "www.chess-mail.com"]
[Date "2018.04.24"]
[Round "1"]
[White "Coolant"]
[Black "Hundegana"]
[WhiteElo "2270"]
[BlackElo "2010"]
[Result "1-0"]
[Round "1"]
1.c4 c5
2.Nb1c3 Nb8c6
3.g3 g6
4.Bf1g2 Bf8g7
5.Ng1f3 f6
6.O-O a6
7.d4 cxd4
8.Nf3xd4 Nc6xd4
9.Qd1xd4 e5
10.Qd4d6 Bg7f8
11.Qd6d3 Ng8e7
12.f4 exf4
13.Bc1xf4 Bf8g7
14.Nc3d5 Ne7xd5
15.Bg2xd5 Qd8e7
16.e4 d6
17.Ra1d1 Ra8b8
18.Bf4xd6 Qe7d7
19.Bd6xb8 Qd7g4
20.Bd5xb7 O-O
21.Bb7xc8 Rf8xc8
22.Qd3d5 Kh8
23.Bb8a7 h5
24.Ba7d4 Kh7
25.Bd4xf6 Bg7xf6
26.Rf1xf6 h4
27.Qd5d7 Qg4xd7
28.Rd1xd7 Kh6
29.b3 hxg3
30.hxg3 a5
31.Rd7d6 Rc8g8
32.c5 Kg5
33.c6 Rg8c8
34.Rf6xg6 Kh5
35.Kg2 Rc8h8
36.Kh3 a4
37.g4 { resign }
1-0

[Event "Tourn. n9680"]
[Site "www.chess-mail.com"]
[Date "2018.04.24"]
[Round "1"]
[White "Tarasch"]
[Black "Claymil"]
[WhiteElo "1840"]
[BlackElo "2030"]
[Result "1-0"]
[Round "1"]
1.d4 d5
2.c4 e6
3.Nb1c3 g6
4.Ng1f3 h6
5.Bc1f4 Bf8g7
6.e3 Ng8e7
7.Bf1d3 dxc4
8.Bd3xc4 a6
9.O-O O-O
10.Ra1c1 b5
11.Bc4d3 Bc8b7
12.Nc3e4 Ne7d5
13.Bf4g3 Nb8d7
14.Ne4c5 Nd7xc5
15.Rc1xc5 c6
16.Nf3e5 Ra8c8
17.a3 Qd8g5
18.Qd1e2 h5
19.Rf1c1 h4
20.Ne5f3 Qg5h6
21.Bg3xh4 Rf8e8
22.Bh4g3 Bg7f8
23.Rc5c2 Nd5e7
24.Nf3e5 Re8d8
25.Bd3e4 Ne7d5
26.Ne5xc6 Rd8d7
27.Be4xd5 Rd7xd5
28.Nc6e7 Bf8xe7
29.Rc2xc8 Bb7xc8
30.Rc1xc8 Kg7
31.Rc8c7 Kf8
32.Qe2c2 Be7g5
33.Qc2c6 Bg5xe3
34.Rc7c8 Kg7
35.Bg3e5 Rd5xe5
36.dxe5 Be3d4
37.g3 Qh6d2
38.Qc6c2 Qd2g5
39.Rc8a8 Qg5xe5
40.Ra8xa6 Bd4xb2
41.Qc2b3 Bb2d4
42.Kg2 Qe5e2
43.Qb3f3 b4
44.Qf3xe2 b3
45.Qe2d3 { resign }
1-0

[Event "Match"]
[Site "www.echecsemail.com"]
[Date "2018.04.24"]
[Round "1"]
[White "Jaguar91"]
[Black "Jesmantiz"]
[WhiteElo "2200"]
[BlackElo "2210"]
[Result "1-0"]
[Round "1"]
1.e4 c6
2.d4 d6
3.Nb1c3 e6
4.Ng1f3 g6
5.d5 e5
6.dxc6 bxc6
7.Bf1c4 h6
8.Bc4xf7 Kxf7
9.Nf3xe5 Kg7
10.f4 Bc8a6
11.b3 Bf8e7
12.Ne5f3 Nb8d7
13.Bc1b2 Qd8a5
14.Qd1d2 Ng8f6
15.O-O-O Rh8d8
16.h3 Kh7
17.g4 Nd7c5
18.Qd2d4 Nc5e6
19.Qd4e3 Ne6c7
20.g5 Nf6h5
21.gxh6 Nc7e6
22.Nc3d5 Be7f8
23.b4 Qa5xa2
24.Qe3c3 Bf8xh6
25.Nd5f6 Nh5xf6
26.Qc3xf6 Bh6xf4
27.Rd1d2 Rd8f8
28.Qf6e7 Kg8
29.Rh1g1 Bf4xd2
30.Nf3xd2 Qa2xb2
31.Kxb2 Ne6f4
32.Nd2f3 Ba6e2
33.Nf3g5 { resign }
1-0

[Event "Match"]
[Site "www.echecsemail.com"]
[Date "2018.04.24"]
[Round "1"]
[White "Jackbauer"]
[Black "Sonny1000"]
[WhiteElo "1830"]
[BlackElo "1530"]
[Result "1-0"]
[Round "1"]
1.e4 e5
2.f4 f5
3.Qd1h5 g6
4.Qh5f3 Ng8e7
5.exf5 h5
6.fxe5 Ne7xf5
7.Bf1c4 Nf5d4
8.Qf3f7 { resign }
1-0

[Event "Match"]
[Site "www.echecsemail.com"]
[Date "2018.04.24"]
[Round "1"]
[White "Fegatux"]
[Black "Add"]
[WhiteElo "2320"]
[BlackElo "2210"]
[Result "1/2-1/2"]
[Round "1"]
1.e4 d6
2.d4 c6
3.Nb1c3 h6
4.f4 e6
5.Ng1f3 Ng8f6
6.Bf1d3 Nb8d7
7.O-O a6
8.Nc3e2 Qd8b6
9.Kh1 { draw }
1/2-1/2

[Event "Match"]
[Site "www.echecsemail.com"]
[Date "2018.04.24"]
[Round "1"]
[White "Ssharp"]
[Black "Bojan"]
[WhiteElo "2170"]
[BlackElo "1980"]
[Result "1-0"]
[Round "1"]
1.e4 e5
2.d4 exd4
3.c3 dxc3
4.Bf1c4 Qd8f6
5.Nb1xc3 c6
6.Ng1f3 h6
7.O-O Bf8c5
8.e5 Qf6d8
9.Bc1f4 Ng8e7
10.Qd1b3 O-O
11.Ra1d1 Ne7g6
12.Bf4g3 Qd8e7
13.Rf1e1 Bc5b4
14.a3 Bb4a5
15.Qb3c2 Rf8e8
16.Qc2xg6 Nb8a6
17.Qg6c2 Na6c5
18.b4 b5
19.Bc4a2 Ba5b6
20.bxc5 Bb6xc5
21.Ba2b1 g6
22.Nc3e4 Bc5xa3
23.Ne4f6 Kg7
24.Nf6xe8 Qe7xe8
25.e6 { resign }
1-0

[Event "Tourn. n9802"]
[Site "www.echecsemail.com"]
[Date "2018.04.24"]
[Round "1"]
[White "Reda"]
[Black "Tonino1"]
[WhiteElo "1810"]
[BlackElo "1950"]
[Result "0-1"]
[Round "1"]
1.d4 Ng8f6
2.Bc1f4 g6
3.Nb1c3 Bf8g7
4.e3 O-O
5.Nc3b5 d6
6.d5 c6
7.dxc6 bxc6
8.Nb5c3 Qd8b6
9.Ra1b1 Bc8e6
10.Ng1f3 Nb8d7
11.Nf3d4 Nd7c5
12.Nd4xe6 Nc5xe6
13.Bf1d3 Ne6xf4
14.exf4 Rf8e8
15.O-O e5
16.fxe5 Re8xe5
17.Rf1e1 Re5xe1
18.Qd1xe1 Ra8e8
19.Qe1d2 Nf6g4
20.h3 Ng4xf2
21.Qd2xf2 Bg7d4
{ resign }
0-1

[Event "1/16 Finale"]
[Site "www.chess-mail.com"]
[Date "2018.04.24"]
[Round "1"]
[White "Szustan"]
[Black "Piriot"]
[WhiteElo "2570"]
[BlackElo "2500"]
[Result "1/2-1/2"]
[Round "1"]
1.e4 d6
2.d4 Ng8f6
3.Nb1c3 e5
4.Ng1f3 Nb8d7
5.Bf1c4 Bf8e7
6.O-O O-O
7.Rf1e1 c6
8.a4 a5
9.h3 Nd7b6
10.Bc4a2 Nf6d7
11.Bc1e3 exd4
12.Be3xd4 Nd7c5
13.Bd4xc5 dxc5
14.Qd1e2 Qd8d6
15.Ra1d1 Qd6g6
16.Kf1 Bc8e6
17.Ba2xe6 fxe6
18.b3 Qg6h6
19.Qe2d2 Qh6xd2
20.Nf3xd2 Ra8d8
21.Nc3e2 g6
22.c4 g5
23.Nd2f3 Kg7
24.Ne2g3 Nb6c8
25.e5 Kg6
26.Ng3e4 h5
27.Rd1xd8 Rf8xd8
28.g4 Rd8d3
29.Ne4d2 Rd3c3
30.Re1b1 Nc8b6
31.Rb1d1 Kh6
32.Ke2 Kg6
33.Rd1b1 Rc3c2
34.Kd3 Rc2a2
35.Nd2e4 hxg4
36.hxg4 Nb6d7
37.Ke3 { draw }
1/2-1/2

[Event "1/64 Finale"]
[Site "www.chess-mail.com"]
[Date "2018.04.24"]
[Round "1"]
[White "Esperanza"]
[Black "Hennie4820"]
[WhiteElo "2020"]
[BlackElo "2010"]
[Result "0-1"]
[Round "1"]
1.d4 Ng8f6
2.c4 g6
3.Nb1c3 Bf8g7
4.e4 d6
5.h3 O-O
6.Bc1g5 Nb8d7
7.Bf1d3 e5
8.d5 h6
9.Bg5e3 c6
10.Qd1d2 Kh7
11.Ng1e2 a6
12.g4 c5
13.g5 hxg5
14.Be3xg5 Qd8e8
15.O-O-O Nf6h5
16.Ne2g3 Nd7f6
17.Bd3e2 Ra8b8
18.Ng3xh5 Nf6xh5
19.Be2xh5 gxh5
20.Qd2e2 f6
21.Bg5e3 f5
22.exf5 Bc8xf5
23.Rd1g1 Qe8f7
24.Rg1g5 Bf5g6
25.Rh1g1 Bg7h6
26.Rg5xg6 Qf7xg6
 { time }
0-1

[Event "1/32 Finale"]
[Site "www.chess-mail.com"]
[Date "2018.04.24"]
[Round "1"]
[White "Hennie4820"]
[Black "Add"]
[WhiteElo "2090"]
[BlackElo "2180"]
[Result "0-1"]
[Round "1"]
1.e4 d5
2.exd5 Qd8xd5
3.Nb1c3 Qd5e5
4.Bf1e2 c6
5.Ng1f3 Qe5a5
6.O-O Ng8f6
7.d4 Nb8d7
8.Bc1d2 Qa5c7
9.h3 h6
10.Qd1c1 e6
11.Rf1e1 a6
12.Bd2f4 Bf8d6
13.Bf4xd6 Qc7xd6
14.Qc1e3 O-O
15.Ra1d1 Rf8e8
16.Be2c4 b5
17.Bc4b3 Bc8b7
18.Nc3e2 Nf6d5
19.Qe3d2 Nd7f6
20.c4 bxc4
21.Bb3xc4 a5
22.Ne2g3 c5
23.Bc4b5 Re8d8
24.a3 cxd4
25.Qd2xd4 Qd6e7
26.Qd4h4 Qe7c5
27.Bb5e2 Ra8b8
28.Rd1c1 Qc5b6
29.Rc1b1 Nd5e7
30.Ng3h5 Nf6xh5
31.Qh4xh5 Ne7g6
32.Nf3h4 Ng6f4
33.Qh5g4 Nf4xe2
34.Re1xe2 Rd8d3
35.Nh4f3 Bb7xf3
36.gxf3 Rd3xa3
37.Rb1d1 Ra3b3
38.Rd1d2 Qb6c6
39.Rd2c2 Qc6xf3
40.Qg4xf3 Rb3xf3
41.Kg2 Rb8b3
42.Rc2c8 Kh7
43.Rc8a8 Rf3xh3
44.Ra8xa5 Rh3d3
45.Ra5a7 Rd3f3
46.Re2d2 Rf3f5
47.Ra7e7 Kg6
48.Re7d7 h5
49.Rd7d4 Rf5g5
50.Kf1 Rb3h3
51.b4 Rh3b3
52.Rd4c4 Rg5g4
53.Rc4xg4 hxg4
54.Rd2d4 f5
55.Ke2 Kf6
56.Rd4c4 g3
57.fxg3 Rb3xg3
58.b5 Rg3b3
59.Rc4c5 g5
60.Kf2 g4
61.Kg2 Kg5
{ resign }
0-1

[Event "Fast Game"]
[Site "www.echecsemail.com"]
[Date "2018.04.24"]
[Round "1"]
[White "Attatroll"]
[Black "Stevep84"]
[WhiteElo "1700"]
[BlackElo "2000"]
[Result "0-1"]
[Round "1"]
1.e4 c6
2.d4 d5
3.Nb1c3 dxe4
4.Nc3xe4 Bc8f5
5.Ne4g3 Bf5g6
6.h4 h6
7.Ng1f3 Ng8f6
8.Bf1d3 Bg6xd3
9.Qd1xd3 Qd8c7
10.O-O Nb8d7
11.Bc1d2 O-O-O
12.Ng3f5 e6
13.Nf5e3 Bf8d6
14.c3 g5
15.Ne3c4 gxh4
16.Nc4xd6 Qc7xd6
17.Nf3e5 Nd7xe5
18.Qd3c2 Ne5g4
19.f4 Nf6d5
20.Ra1e1 Rh8g8
21.Qc2a4 h3
22.Re1e2 hxg2
23.Re2xg2 Ng4e3
24.Qa4xa7 Rg8xg2
25.Kh1 Rg2xd2
{ resign }
0-1

[Event "Tourn. n9716"]
[Site "www.chess-mail.com"]
[Date "2018.04.25"]
[Round "1"]
[White "Tarasch"]
[Black "Estonia"]
[WhiteElo "1990"]
[BlackElo "2010"]
[Result "1/2-1/2"]
[Round "1"]
1.d4 Ng8f6
2.c4 e6
3.Ng1f3 d5
4.Nb1c3 c5
5.cxd5 Nf6xd5
6.e4 Nd5xc3
7.bxc3 Nb8c6
8.a3 cxd4
9.cxd4 g6
10.Bf1e2 Bf8g7
11.Bc1b2 O-O
12.O-O Bc8d7
13.Qd1d2 Ra8c8
14.Rf1d1 Nc6e7
15.Ra1c1 Bd7a4
16.Rc1xc8 Ne7xc8
17.Rd1c1 Qd8b6
18.Rc1c4 Ba4c6
19.Rc4b4 Qb6d8
20.e5 Nc8e7
21.Qd2g5 Ne7d5
22.Qg5xd8 Rf8xd8
23.Rb4b3 a5
24.Rb3d3 Nd5f4
25.Rd3d2 Bg7h6
26.Rd2c2 Nf4xe2
27.Rc2xe2 b5
28.Nf3e1 b4
29.axb4 axb4
30.Ne1c2 Bh6f8
31.Nc2e3 Bc6b5
32.Re2c2 Bf8h6
33.g3 Bb5d3
34.Rc2d2 Bh6xe3
35.fxe3 Bd3e4
36.Rd2d1 Rd8c8
37.Rd1c1 Rc8xc1
38.Bb2xc1 Kg7
39.h4 h5
40.Kf2 f5
41.exf6 Kxf6
42.Bc1b2 Ke7
43.Ke2 b3
44.Kd2 Kd6
45.Kc3 Be4c2
46.Kc4 Bc2d1
47.e4 Bd1c2
48.e5 Kc6
49.Bb2a3 Bc2d1
50.Ba3b2 Bd1c2
51.Bb2a3 Bc2d1
52.Ba3b2 Bd1c2
53.Bb2a3 { draw }
1/2-1/2

[Event "Tourn. n9756"]
[Site "www.chess-mail.com"]
[Date "2018.04.25"]
[Round "1"]
[White "Caroluigi"]
[Black "Julian"]
[WhiteElo "1870"]
[BlackElo "1940"]
[Result "1-0"]
[Round "1"]
1.d4 d5
2.c4 e6
3.Ng1f3 Ng8f6
4.Nb1c3 Bf8e7
5.Bc1g5 O-O
6.e3 c6
7.Bf1d3 Nb8d7
8.Qd1c2 h6
9.Bg5h4 Qd8c7
10.Ra1c1 Rf8d8
11.cxd5 exd5
12.O-O Nd7f8
13.Bh4g3 Be7d6
14.Nc3b5 cxb5
15.Qc2xc7 Bd6xc7
16.Bg3xc7 Rd8e8
17.Bd3xb5 Re8e7
18.Bc7d6 Re7e6
19.Bd6a3 a6
20.Bb5a4 b5
21.Ba4c2 Nf6e4
22.b4 Re6g6
23.Bc2xe4 dxe4
24.Nf3h4 Rg6d6
25.g3 Nf8g6
26.Nh4xg6 fxg6
27.Rc1c7 Bc8h3
28.Rf1c1 Ra8f8
29.Rc7e7 Rd6f6
30.Rc1c7 Rf8f7
31.Re7xf7 Rf6xf7
32.Rc7c1 Rf7a7
33.Ba3b2 a5
34.a3 axb4
35.axb4 Bh3g4
36.Kf1 Bg4f3
37.h4 Kf7
38.Ke1 Ra7a2
39.Rc1c2 Ra2a4
40.Bb2c3 Ke6
41.Kd2 Kd5
42.Kc1 Kc4
43.Kb2 h5
44.Bc3e1 Kd3
45.d5 Ra4a8
46.Rc2d2 Kc4
47.Rd2d4 
1-0

[Event "Tourn. n9767"]
[Site "www.chess-mail.com"]
[Date "2018.04.25"]
[Round "1"]
[White "Reda"]
[Black "Esperanza"]
[WhiteElo "1960"]
[BlackElo "2090"]
[Result "1-0"]
[Round "1"]
1.d4 d5
2.Bc1f4 e6
3.Nb1c3 Ng8f6
4.Nc3b5 Nb8a6
5.e3 c6
6.Nb5c3 Bf8b4
7.Bf1xa6 bxa6
8.Qd1d3  { time }
1-0

[Event "Tourn. n9721"]
[Site "www.chess-mail.com"]
[Date "2018.04.25"]
[Round "1"]
[White "Odin"]
[Black "Esperanza"]
[WhiteElo "1910"]
[BlackElo "2040"]
[Result "1-0"]
[Round "1"]
1.d4 d5
2.c4 e6
3.Nb1c3 Bf8e7
4.Ng1f3 Ng8f6
5.Bc1g5 O-O
6.e3 h6
7.Bg5h4 b6
8.Bf1d3 Bc8b7
9.a3 dxc4
10.Bd3xc4 Nb8d7
11.Qd1c2 c5
12.Bh4xf6 Nd7xf6
13.Nf3e5 cxd4
14.exd4 Qd8xd4
15.Ne5g6 fxg6
16.Bc4xe6 Kh7
17.O-O Nf6g4
18.Nc3b5 Qd4c5
19.Qc2xc5 Be7xc5
20.Be6xg4 Rf8f4
21.h3  { time }
1-0

[Event "Tourn. n9785"]
[Site "www.chess-mail.com"]
[Date "2018.04.25"]
[Round "1"]
[White "Caroluigi"]
[Black "Andychesston"]
[WhiteElo "2070"]
[BlackElo "2140"]
[Result "1-0"]
[Round "1"]
1.e4 e5
2.Ng1f3 Nb8c6
3.Nb1c3 d6
4.d4 exd4
5.Nf3xd4 Nc6xd4
6.Qd1xd4 c5
7.Qd4d3 a6
8.Bf1e2 b5
9.O-O Ng8f6
10.Bc1g5 Bf8e7
11.Ra1d1 Bc8g4
12.Be2xg4 Nf6xg4
13.Bg5xe7 Qd8xe7
14.Qd3xd6 Qe7xd6
15.Rd1xd6 Ke7
16.Rd6c6 c4
17.Nc3d5 Kd7
18.Rc6b6 Ng4e5
19.Rb6b7 Kc6
20.Rb7c7 Kd6
21.Rf1d1 Rh8d8
22.f4 Ne5d7
23.g4 Ra8c8
24.Rc7xc8 Rd8xc8
25.Nd5b6 Kc7
26.Nb6xc8 Kxc8
27.Kf2 h6
28.Kf3 b4
29.Rd1d6 Kc7
30.Rd6xa6 Nd7b6
31.Ra6a7 Kc6
32.b3 Nb6c8
33.Ra7xf7 Nc8d6
34.Rf7xg7 Kc5
35.f5 Nd6b5
36.Ke3 Nb5a3
37.Kd2 Kd4
38.f6 c3
39.Kc1 Ke3
40.f7 Na3b5
41.f8Q Nb5d4
42.Qf8c5 Kxe4
43.Rg7e7 Kf3
44.Qc5xd4 h5
45.Re7f7 Kg2
46.Qd4f2 Kh1
47.Rf7e7 hxg4
48.Re7e1 
1-0

[Event "Tourn. n9686"]
[Site "www.chess-mail.com"]
[Date "2018.04.25"]
[Round "1"]
[White "Prize64"]
[Black "Sahlapalat"]
[WhiteElo "2120"]
[BlackElo "2090"]
[Result "0-1"]
[Round "1"]
1.e4 c5
2.c3 d5
3.exd5 Qd8xd5
4.Ng1f3 Ng8f6
5.d4 e6
6.Bc1e3 cxd4
7.cxd4 Bf8b4
8.Nb1c3 O-O
9.Bf1d3 Nb8c6
10.O-O Qd5a5
11.Be3d2 Rf8d8
12.a3 Bb4xc3
13.bxc3 Qa5c7
14.Qd1e2 b6
15.Bd2g5 Bc8b7
16.Bg5xf6 gxf6
17.Qe2e4 f5
18.Qe4h4 Qc7e7
19.Qh4g3 Kh8
20.Rf1e1 Rd8g8
21.Qg3f4 Rg8g4
22.Qf4e3 Ra8g8
23.Bd3f1 Qe7f6
24.h3 Rg4g7
25.c4 f4
26.Qe3d3 Rg8d8
27.Ra1d1 Rg7g8
28.Qd3c3 Nc6e7
29.Nf3e5 f3
30.g4 h5
31.d5 Rg8g7
32.Qc3xf3 Qf6xf3
33.Ne5xf3 hxg4
34.hxg4 Rg7xg4
35.Kh2 Kg7
36.Bf1h3 Rd8h8
37.Re1g1 f5
38.Nf3e5 Rg4xg1
39.Rd1xg1 Kf6
40.Ne5d7 Kf7
41.d6 Ne7g6
42.Kg3 Rh8d8
{ resign }
0-1

[Event "Tourn. n9755"]
[Site "www.chess-mail.com"]
[Date "2018.04.25"]
[Round "1"]
[White "Numanoid"]
[Black "Tartan"]
[WhiteElo "2380"]
[BlackElo "2520"]
[Result "1-0"]
[Round "1"]
1.b4 e5
2.Bc1b2 d6
3.c4 f5
4.g3 Ng8f6
5.Bf1g2 Bf8e7
6.Qd1b3 a5
7.b5 a4
8.Qb3c2 O-O
9.Ng1h3 c6
10.O-O Qd8b6
11.Nb1a3 cxb5
12.Na3xb5 Nb8c6
13.Ra1b1 Nc6b4
14.Qc2d1  { time }
1-0

[Event "Tourn. n9734"]
[Site "www.chess-mail.com"]
[Date "2018.04.25"]
[Round "1"]
[White "Ffdd65"]
[Black "Attatroll"]
[WhiteElo "2200"]
[BlackElo "1990"]
[Result "0-1"]
[Round "1"]
1.e4 d6
2.d4 e5
3.d5 f5
4.f3 Ng8f6
5.Bf1d3 f4
6.Bc1d2 Bf8e7
7.Nb1c3 Nb8d7
8.g4 Nd7c5
9.Bd3b5 Bc8d7
10.Qd1e2 O-O
11.O-O-O Bd7xb5
12.Nc3xb5 a6
13.Nb5c3 b5
14.Nc3b1 Qd8d7
15.Bd2a5 Rf8b8
16.Qe2e1 Nc5a4
17.Nb1c3 Na4xc3
18.Qe1xc3 Rb8b7
19.h4 Ra8b8
20.Ba5b4 Be7f8
21.h5 h6
22.Rd1d2 Qd7f7
23.Rd2g2 Nf6h7
24.Ng1h3 Bf8e7
25.Qc3e1 Nh7g5
26.Qe1c3 Be7d8
27.Bb4a5 Ng5xh3
28.Rh1xh3 b4
29.Qc3c6 Bd8g5
30.Qc6xa6 Rb7b5
31.Qa6a7 Rb8b7
32.Qa7a6 Qf7e8
33.Ba5xc7 Rb7xc7
34.Qa6xd6 Rc7b7
35.Qd6e6 Qe8xe6
36.dxe6 Rb7b6
37.Rh3h1 Rb6xe6
38.b3 Re6a6
39.Kb2 Ra6d6
40.Kc1 Rb5b8
41.Rg2d2 Rb8d8
42.Rh1d1 Rd6d4
43.Rd2xd4 exd4
44.Rd1d3 Bg5f6
45.Kb2 Bf6e5
46.Kb1 Kf7
47.Kb2 Ke6
48.Kc1 Rd8c8
49.Kb2 Rc8c3
50.Kc1 Kf6
51.Kd2 Kg5
52.Rd3xc3 dxc3
53.Kd3 Kh4
54.Kc4 Be5d6
55.a4 bxa3
56.Kxc3 Kg3
57.b4 Bd6xb4
{ resign }
0-1

[Event "Tourn. n9722"]
[Site "www.chess-mail.com"]
[Date "2018.04.25"]
[Round "1"]
[White "Esperanza"]
[Black "Bigrezi"]
[WhiteElo "2020"]
[BlackElo "2280"]
[Result "0-1"]
[Round "1"]
1.d4 Ng8f6
2.c4 g6
3.Nb1c3 Bf8g7
4.e4 d6
5.h3 O-O
6.Bc1g5 c5
7.d5 h6
8.Bg5e3 e6
9.Qd1d2 exd5
10.exd5 Nb8a6
11.Be3xh6 Bg7xh6
12.Qd2xh6 Rf8e8
13.Bf1e2 Nf6e4
14.Nc3xe4 Re8xe4
15.O-O-O Qd8e8
16.Be2d3 Na6b4
17.Ng1f3 Nb4xd3
18.Rd1xd3 Re4xc4
19.Kb1 Bc8f5
20.Nf3g5 Bf5xd3
21.Ka1 f6
 { time }
0-1

[Event "Tourn. n9716"]
[Site "www.chess-mail.com"]
[Date "2018.04.25"]
[Round "1"]
[White "Estonia"]
[Black "Esperanza"]
[WhiteElo "2010"]
[BlackElo "2020"]
[Result "1-0"]
[Round "1"]
1.c4 c5
2.Nb1c3 d6
3.Ng1f3 e6
4.g3 Ng8f6
5.Bf1g2 Bf8e7
6.O-O O-O
7.d4 cxd4
8.Nf3xd4 a6
9.b3 Qd8c7
10.Bc1b2 Nb8d7
11.Nc3e4 Nf6xe4
12.Bg2xe4 Nd7f6
13.Be4c2 b6
14.e4 Bc8b7
15.Qd1e2 Ra8c8
16.Ra1c1 Qc7b8
17.Bc2b1 Rf8d8
18.f4 Qb8a8
19.Rf1e1 h6
20.e5 dxe5
21.fxe5 Nf6d7
22.Qe2c2 Nd7f8
23.Re1f1 Be7c5
24.Rc1d1 Rd8d7
25.h4 Rc8d8
26.Kh2 Bc5xd4
27.Bb2xd4 Rd7xd4
28.Rd1xd4 Rd8xd4
29.Qc2f2 Rd4d7
30.Qf2xb6  { time }
1-0

[Event "Match"]
[Site "www.echecsemail.com"]
[Date "2018.04.25"]
[Round "1"]
[White "Fangshuo"]
[Black "Reignblowcan"]
[WhiteElo "2110"]
[BlackElo "1499"]
[Result "0-1"]
[Round "1"]
1.e4 e5
2.Ng1f3 Nb8c6
3.d4 Nc6xd4
4.Nf3xd4 exd4
5.Qd1xd4 Ng8e7
6.Bf1b5 a6
7.Bb5a4 b5
8.Ba4b3 d6
9.Bc1f4 c5
10.Qd4xd6 Qd8xd6
11.Bf4xd6 c4
12.Bb3xc4 bxc4
13.Nb1c3 Bc8e6
14.Bd6c7 Ne7c6
15.O-O Ra8a7
16.Bc7g3 Ra7b7
17.Nc3a4 Rb7b4
18.b3 Nc6d4
19.c3 Nd4e2
20.Kh1 Rb4b7
21.b4 Be6d7
22.Rf1e1 Ne2xg3
23.hxg3 Bd7xa4
24.f4 Rb7d7
{ resign }
0-1

[Event "Match"]
[Site "www.echecsemail.com"]
[Date "2018.04.25"]
[Round "1"]
[White "Tonino1"]
[Black "Gilliere"]
[WhiteElo "1950"]
[BlackElo "1990"]
[Result "1-0"]
[Round "1"]
1.d4 Ng8f6
2.g4 Nf6xg4
3.e4 d5
4.e5 Nb8c6
5.c3 g6
6.Bf1e2 Ng4h6
7.Bc1f4 Nh6f5
8.Ng1f3 Bf8g7
9.Nb1d2 e6
10.Qd1c2 O-O
11.O-O-O a6
12.h4 b5
13.h5 gxh5
14.Rh1xh5 h6
15.Rd1g1 Kh8
16.Be2d3 Rf8g8
17.Bd3xf5 exf5
18.Bf4xh6 { resign }
1-0

[Event "Match"]
[Site "www.echecsemail.com"]
[Date "2018.04.25"]
[Round "1"]
[White "Kipik"]
[Black "Ditto"]
[WhiteElo "1839"]
[BlackElo "1880"]
[Result "1-0"]
[Round "1"]
1.e4 e5
2.Ng1f3 Nb8c6
3.Bf1b5 Bf8c5
4.O-O d6
5.c3 Bc8g4
6.d4 exd4
7.cxd4 a6
8.Bb5xc6 bxc6
9.dxc5 d5
10.exd5 cxd5
11.Qd1a4 Bg4d7
12.Qa4d4 Bd7e6
13.Qd4xg7 Qd8f6
14.Qg7xf6 Ng8xf6
15.Nb1c3 Rh8g8
16.Rf1e1 O-O-O
17.Nf3d4 Be6h3
18.g3 c6
19.Nd4xc6 Rd8d7
20.Nc6e7 Kc7
21.Ne7xg8 Nf6xg8
22.Bc1f4 Kc6
23.b4 Bh3e6
24.Bf4d6 Ng8f6
25.Ra1d1 Be6g4
26.Rd1d4 Bg4e6
27.a4 Rd7b7
28.b5 axb5
29.axb5 Kd7
30.Bd6f4 Ke7
31.c6 Rb7a7
32.b6 Ra7a3
33.b7 { resign }
1-0

[Event "Match"]
[Site "www.echecsemail.com"]
[Date "2018.04.25"]
[Round "1"]
[White "Rindrandria"]
[Black "Ranjachess"]
[WhiteElo "1760"]
[BlackElo "1840"]
[Result "0-1"]
[Round "1"]
1.e4 d5
2.e5 Bc8f5
3.g4 Bf5g6
4.Bf1g2 e6
5.d3 Nb8c6
6.Bg2f3 Bf8c5
7.Bc1f4 f6
8.Qd1e2 Nc6d4
9.Qe2d1 Ng8e7
10.exf6 gxf6
11.Bf4h6 Qd8d6
12.Bh6g7 Qd6b6
13.Bg7xh8 Qb6xb2
14.Kd2 Qb2xa1
15.Bh8xf6 Nd4xf3
16.Qd1xf3 Qa1xb1
17.Ng1e2 Qb1xa2
18.Rh1a1 Bc5b4
19.Kd1 Qa2xa1
20.Bf6xa1 O-O-O
21.Qf3g3 a5
22.Ne2d4 Bb4d6
23.f4 Bg6f7
24.h4 h5
25.g5 c5
26.Nd4b5 Ne7f5
27.Qg3h3 Bd6xf4
28.Ba1f6 Rd8g8
29.Qh3g2 Nf5e3
30.Ke2 Ne3xg2
31.Kf3 e5
32.Kxg2 Bf7e8
33.Nb5c3 Be8c6
34.Nc3e2 a4
35.d4 cxd4
36.Ne2xf4 exf4
37.Bf6xd4 a3
38.Kf3 Rg8e8
39.g6 a2
40.g7 Bc6d7
41.Bd4b2 Bd7e6
42.Kxf4 Be6f7
43.Kg5 b5
44.Kf6 Bf7g8
45.Kg6 Re8d8
46.Kxh5 d4
47.Kg6 b4
48.h5 b3
49.cxb3 d3
50.h6 d2
51.h7 Bg8xh7
52.Kxh7 d1Q
53.g8Q Qd1b1
54.Qg8g6 Qb1xb2
55.Qg6e6 Rd8d7
56.Kg6 Qb2g7
57.Kf5 a1Q
58.Qe6e8 Kc7
59.b4 Qg7f8
60.Kg4 Rd7g7
61.Qe8g6 Qa1g1
62.Kh5 Qf8h8
63.Qg6h6 Qg1h2

0-1

[Event "1/64 Finale"]
[Site "www.chess-mail.com"]
[Date "2018.04.25"]
[Round "1"]
[White "Cereus"]
[Black "Danquigley"]
[WhiteElo "1919"]
[BlackElo "2560"]
[Result "1/2-1/2"]
[Round "1"]
1.e4 d6
2.d4 Ng8f6
3.Nb1c3 g6
4.Ng1f3 Bf8g7
5.Bf1e2 O-O
6.O-O a6
7.h3 b5
8.e5 Nf6d7
9.Bc1g5 Bc8b7
10.exd6 cxd6
11.a4 b4
12.Nc3a2 a5
13.c3 bxc3
14.bxc3 Nd7b6
15.Ra1b1 Nb8d7
16.Rf1e1 h6
17.Bg5h4 g5
18.Bh4g3 Bb7d5
19.Qd1c2 f5
20.Bg3h2 Kh8
21.Be2d3 f4
22.Bd3e4 Bd5xe4
23.Qc2xe4 e5
24.Qe4c6 Ra8c8
25.Qc6xd6 Rf8f6
26.Qd6a3 Nb6c4
27.Qa3b3 Qd8e8
28.Qb3d1 e4
29.Kh1 Nd7b6
30.Nf3e5 Nc4xe5
31.Re1xe4 Rf6d6
32.Qd1e1 Nb6xa4
33.dxe5 Rd6e6
34.f3 Na4c5
35.Re4c4 Nc5d3
36.Rc4xc8 Qe8xc8
37.Qe1e2 Nd3xe5
38.Bh2g1 Qc8c4
39.Qe2f2 Re6d6
40.Na2c1 Qc4xc3
41.Nc1b3 Qc3d3
42.Qf2a2 Qd3d5
43.Qa2xa5 Qd5xa5
44.Nb3xa5 Rd6d5
45.Na5b3 Rd5b5
46.Nb3d2 Rb5xb1
{ draw }
1/2-1/2

[Event "Tourn. n9797"]
[Site "www.chess-mail.com"]
[Date "2018.04.26"]
[Round "1"]
[White "Reda"]
[Black "Juheset"]
[WhiteElo "1810"]
[BlackElo "1809"]
[Result "0-1"]
[Round "1"]
1.d4 Ng8f6
2.Bc1f4 c6
3.Nb1c3 d6
4.Ng1f3 Bc8f5
5.e3 Qd8b6
6.Ra1b1 Nb8d7
7.Bf1c4 d5
8.O-O dxc4
9.Bf4g5 Qb6c7
10.Bg5f4 Qc7b6
11.Bf4g5 Nf6d5
12.Nc3xd5 cxd5
13.Nf3d2 h6
14.Bg5f4 Qb6g6
15.f3 Bf5xc2
16.Qd1e1 Bc2xb1
17.Qe1xb1 Qg6xb1
18.Rf1xb1 e6
19.e4 Nd7f6
20.Bf4e5 Bf8e7
21.exd5 exd5
22.Rb1e1 O-O
23.Nd2b1 Ra8c8
24.Nb1c3 Rc8d8
25.Be5c7 Rd8e8
26.Bc7e5 Be7b4
27.Re1c1 Nf6d7
28.Nc3xd5 Nd7xe5
29.Nd5xb4 Ne5d3
30.Nb4xd3 cxd3
31.Rc1d1 Re8e2
32.Rd1xd3 Re2xb2
{ resign }
0-1

[Event "Tourn. n9790"]
[Site "www.chess-mail.com"]
[Date "2018.04.26"]
[Round "1"]
[White "Fegatux"]
[Black "Danquigley"]
[WhiteElo "2360"]
[BlackElo "2640"]
[Result "0-1"]
[Round "1"]
1.d4 Ng8f6
2.c4 g6
3.Nb1c3 d5
4.Ng1f3 Bf8g7
5.Bc1f4 O-O
6.e3 c5
7.Bf1e2 cxd4
8.Nf3xd4 dxc4
9.O-O Nf6d5
10.Bf4g3 Nd5xc3
11.bxc3 Nb8a6
12.Be2xc4 Na6c5
13.Qd1c2 e5
14.Nd4b3 Bc8f5
15.Qc2d1 Nc5e4
16.Qd1d5 Qd8c7
17.Ra1c1 Ne4xg3
18.hxg3 Bf5e6
19.Qd5f3 Qc7xc4
20.Qf3xb7 a5
21.Rf1d1 Rf8b8
22.Qb7e7 a4
23.Nb3d2 Qc4xa2
24.Nd2e4 a3
25.Rc1a1 Qa2c2
26.Ne4g5 a2
27.Ng5xe6 Qc2xd1
{ resign }
0-1

[Event "Tourn. n9750"]
[Site "www.chess-mail.com"]
[Date "2018.04.26"]
[Round "1"]
[White "Prize64"]
[Black "Esperanza"]
[WhiteElo "2150"]
[BlackElo "2040"]
[Result "1-0"]
[Round "1"]
1.Ng1f3 d5
2.c4 e6
3.g3 Ng8f6
4.Bf1g2 Bf8e7
5.O-O O-O
6.b3 b6
7.Bc1b2 Bc8b7
8.d3 c5
9.cxd5  { time }
1-0

[Event "Tourn. n9730"]
[Site "www.chess-mail.com"]
[Date "2018.04.26"]
[Round "1"]
[White "Seger"]
[Black "Tartan"]
[WhiteElo "2770"]
[BlackElo "2490"]
[Result "1-0"]
[Round "1"]
1.d4 d5
2.c4 e6
3.cxd5 exd5
4.Nb1c3 c6
5.Bc1f4 Bf8d6
6.Bf4g3 Ng8e7
7.Bg3xd6 Qd8xd6
8.e3 O-O
9.Ng1f3 Bc8g4
10.h3 Bg4h5
11.g4 Bh5g6
12.h4 Nb8d7
13.h5 Bg6e4
14.Nc3xe4 dxe4
15.Nf3d2 c5
16.Nd2xe4 Qd6e6
17.Ne4c3 Rf8d8
18.d5 Qe6e5
19.Qd1d2 Nd7f6
20.f4 Qe5d6
21.e4 Nf6xg4
22.Bf1h3 f5
23.O-O-O Qd6f6
24.Bh3xg4 fxg4
25.Rd1g1  { time }
1-0